000 00810nam a2200205 a 4500
008 120416s2001 ||||||||||||||||| || u
020 _a0521782236
050 _aHF 1413 Buf
100 _aBuffie, Edward F
245 1 0 _aTrade policy in developing countries
260 _aCambridge
_bCambridge University Press
_c2001
300 _avi, 400p. : ill.
350 _a0.00
500 _aBibliography
650 0 _aECONOMICS
650 _aInvestments, Foreign - Developing countries - Econometric models
650 _aFree trade - Developing countries - Econometric models
650 _aDEVELOPING COUNTRIES - COMMERCIAL POLICY - ECONOMETRIC MODELS
995 _D0.00
_FCBU-MAIN LIBRARY (Kitwe)
_H1
_I25.00
_M1
_UAVAILABLE
_ZMain Library Open Access Collection
999 _c60200
_d60200